000 00645cam a22002291 4500
001 sg 46000126
003 DLC
005 20260227112748.0
008 750514s1946 nyucf 000 0 eng c
010 _asg 46000126
035 _a(OCoLC)1333109
040 _aU.S. Surg.-Gen. Off. Libr.
_cFM
_dOCoLC
_dDLC
042 _apremarc
050 0 0 _aR131
_b.P58 1946
082 _a610.9
100 1 _aPodolsky, Edward,
_d1902-
245 1 0 _aDoctors, drugs and steel,
_cby Edward Podolsky, M.D.
260 _aNew York,
_bB. Ackerman, inc.
_c[1946]
300 _a384 p.
_bplates, ports.
_c24 cm.
650 0 _aMedicine.
650 0 _aMedicine
_xHistory.
999 _c90746
_d90746